All Star Wars Sith Lords (Easy) - Statistics

General Stats
  • This quiz has been taken 125 times
  • The average score is 13 of 29
Answer Stats
Hint Answer % Correct
Main antagonist in "The Phantom Menace" Nightbrother with a dual lightsaber, and killed Qui Gon Jinn in the duel of the fates. Darth Maul
100%
Master of above. Could shoot lightning from fingertips. Would later be "killed" by above after being thrown down a chute. Darth Sidious
100%
Most well known Sith lord. Father of Luke Skywalker. Formerly Anakin Skywalker. Darth Vader
100%
Leader of the Separatists. Would be bested by Anakin Skywalker in a duel. Darth Tyrannus
98%
Legendary Sith lord that survived the destruction of the Brotherhood of Darkness. Created the rule of two for Siths. Darth Bane
88%
Sith lord who taught trained Palpatine. Was betrayed and killed by him. Stood by rule of two in attempt to bait Jedi and kill them. Darth Plagueis
84%
Sith lord who fought during the Mandalorian Wars. This Sith wields two lightsabers, a red and purple lightsaber. Darth Revan
83%
Widely regarded as one of the most powerful Sith in the world, this Sith wears a threatening mask, and is a human male. He could drain the life force of planets, and was extrenely destructive. Darth Nihilus
63%
Sith lord who reigned during the Jedi Civil War. He befirended Jedi padawn Zayne Carrick and assisted him in defeating the secretive Jedi Covenant. He became a military general as the Mandalorian War reigned on. Darth Malak
62%
The Lord of Pain, is an alias for this Sith Lord who lived in the time of the Old Sith Lords. He was a member of the Sith Triumvirate. He believed that by using pain, anger, and hatred, he could achieve immortality. Darth Sion
47%
This Sith lord is also known as "Rugress Nome". He was a legendary artisanal starship designer, As a Sith lord, he and his master devoted themselves to the Grand Plan. He and his master created a virus that would sever a Jedi master's connection to the force. Darth Tenebrous
47%
Apprentice of above, and the one who killed him. Her rage towards the Jedi order fueled her fight against them. Would later be killed by her apprentice, below. Darth Zannah
47%
This powerful female Sith lord trained two very powerful Sith lords. She was eventually overthrown by her apprentices (two directly above) who stripped her of her connection to the force. Darth Traya
46%
Known as Tenebrae, this Sith lord reconstituted the Sith Empire, and was a master of Essence Transfer, moreso than Palptine. He is truly one of the most powerful Sith in canon. Darth Vitiate
45%
Known as A'Sharad Hett, this human male was originally a Jedi master before he fell to the dark side. He was the son of legendary Jedi knight Sharad Hett. He was later exiled from his home planet of Tatooine after an encounter with Obi Wan Kenobi Darth Krayt
38%
This Sith lord was apprenticed by Jedi Master Vodo-Siosk Baas. Regarded by some as the most powerful Sith of all time, this Sith left the order in pursuit of forbidden teachings, which led him to planets like Onderon and Dxun. He eventually would achieve greatness, and become one of the most powerful Sith of all time. Exar Kun
37%
A master Sith alchemist, this Sith took the Sith Empire to the brink of Galactic dominion in the Great Hyperspace war. Naga Sadow
26%
Three-eyed mutant Sith lord and Shadow Hand who was disillusioned by with the Rule of Two. Founder of Dark Force religion. Darth Millennial
21%
Also known as "The Immortal God-King of Prakith", this ancient humanoid male was very paranoid and constantly believed that his followers were trying to kill him, and one day he was overthrown. He created his own realm of Prakith, in which he ruled for centuries. Darth Andeddu
19%
Female Ikotchi assassin who was recruited after the New Sith Wars. She dueled and defeated the Dark Jedi Set Harth, but let him flee. Was originally known as "The Huntress" before she became a Sith lord Darth Cognus
18%
This Bith male is a Sith lord just like his master, above. He was trained with Palpatine's master. This is the only Sith lord, who's Sith title "Darth: was not legitimately bestowed upon him. Darth Venamis
18%
This Sith lord became the new Dark Lord's Shadow Hand. He killed the republic ensign Trask Ulgo on the Republic warship, the Endar Spire. He is the apprentice of above. Darth Bandon
17%
Female Theelin Sith who killed many of her Sith brethren in a bid for power. Many Sith teamed up and attempted to kill her. She survived, and assembled a cult in which she used to backstab Jedi and Sith alike, earning her the name, "The Hidden Fear". Darth Phobos
13%
Sith lord who reigned as dark lord of the Sith in the lineage of the Order of the Sith Lords. Began to lose his sanity and was drawn to the light side. He was convinced that he had to sabotage Sith teachings in order to preserve the order. His actions set the Sith back centuries. Darth Gravid
12%
Previously a Jedi master, this Sith lord was banished from the Jedi order after he began studying Sith teachings. As he became the new Dark Lord of the Sith, he gathered together many of his own species, the Pau'an to fight. During this fight, he was killed, but they slew almost 2,000 Jedi. Darth Desolous
11%
Twi'lek female who was the apprentice of above. After learning her master tried to blend Jedi and Sith teachings together, she killed him on the fortress they built on the planet Jaguada. Although she killed him, he seriously wounded her, and she was forced to wear prosthetics. Darth Gean
10%
Male human Sith lord who served as the director of the Jonex Mine Eight Eleven B Asteroid Mine near Bimmiel. He shut down the mine after the resevoir of dark side energy began effecting his employees. Using this energy, he developed a force technique and became a Sith lord, but didn't succumb like other Sith lords did. Darth Vectivus
8%
Male sith lord. He created a Sith holocron that contained instructions relating to the combination of bota and pyronium. Anakin Skywalker would later search for this holocron. This Sith lord also conducted experiments on the Cephalons. Darth Ramage
6%
Sith lord who accepted the title of "Dark Lord of the Siths". He compared the Sith to minuscule malignant cells which were unable to be detected. Darth Guile
4%
No matching quizzes found
Score Distribution
Percent of People with Each Score
Percentile by Number Answered
Your Score History
You have not taken this quiz